Praktické lekárnictvo
| Format: | Journal |
|---|---|
| Language: | Slovak Czech |
| PhysicalDescription: | zv. 30 cm Online vydanie: Praktické lekárnictvo (Online) ISSN 1339-4185 |
| Published: |
Bratislava
Solen, s.r.o.
2011-
|
| ISSN: | 1338-3132 1339-4185 |
| Subjects: | |
| Online Access: | http://www.solen.sk/index.php?page=magazine_info&magazine_id=14 |
MARC
| LEADER | 00000cas a2200000 a 4500 | ||
|---|---|---|---|
| 001 | vtls010268120 | ||
| 003 | SK-MaSNL | ||
| 005 | 20260228161518.0 | ||
| 008 | 110404c20119999xo qr p 0 b0slo | ||
| 022 | |a 1338-3132 | ||
| 040 | |a SVKBB |b slo |c SVKBB |d SAVUK |d SNK |e AACR2 | ||
| 041 | 0 | |a slo |a cze |b eng | |
| 044 | |a xo |c SK | ||
| 072 | 7 | |a 615 |x Farmácia. Farmakológia |2 konspekt | |
| 080 | |a 615.1 |2 2011 | ||
| 080 | |a 050 |2 2011 | ||
| 080 | |a 615.014 |2 2011 | ||
| 080 | |a (051)-027.561 |2 2011 | ||
| 210 | 0 | |a Prakt. lekárn. |b (Tlačené vyd.) | |
| 222 | 0 | |a Praktické lekárnictvo |b (Tlačené vydanie) | |
| 245 | 0 | 0 | |a Praktické lekárnictvo |
| 260 | |a Bratislava |b Solen, s.r.o. |c 2011- | ||
| 300 | |a zv. |c 30 cm | ||
| 310 | |a 4x ročne | ||
| 362 | 0 | |a Roč. 1, č. 1 (2011)- | |
| 500 | |a Redaktori sa menia | ||
| 500 | |a Evidenčné číslo: MK SR EV 4193/10 | ||
| 500 | |a Časopis je indexovaný v Bibliographia Medica Slovaca | ||
| 504 | |a Bibliogr. ; bibliogr. pozn. | ||
| 515 | |a Niektoré čísla vychádzajú ako dvojčíslo | ||
| 530 | |a Online vydanie: Praktické lekárnictvo (Online) ISSN 1339-4185 | ||
| 546 | |a Text aj v češ. ; res. angl. | ||
| 650 | 0 | 7 | |a farmácia |2 SNKPH |9 2467 |
| 650 | 0 | 7 | |a lekárenstvo |2 SNKPH |9 105974 |
| 650 | 0 | 7 | |a farmakológia |2 SNKPH |9 2468 |
| 655 | 7 | |a odborné časopisy |2 SNKPH |9 70505 | |
| 776 | 0 | |t Praktické lekárnictvo (Online) |x 1339-4185 | |
| 852 | |a Štátna vedecká knižnica v Banskej Bystrici | ||
| 856 | 4 | 1 | |u http://www.solen.sk/index.php?page=magazine_info&magazine_id=14 |
| 910 | |a snk | ||
| 910 | |a savuk | ||
| 916 | |a 2011-2013, 2014-2016, 2017-2019 | ||
| 999 | |c 5641 |d 7571 | ||
| 952 | |0 0 |1 0 |4 0 |7 0 |8 0 |a SNK |b SNK |d 2014-10-16 |f 1 |i snk2014/22088 |l 0 |o snkČSB 5918/1/2011 |p 17A0870311 |r 2026-02-21 19:44:38 |t č. 1-4 |w 2026-02-21 |y PREZ | ||
| 952 | |0 0 |1 0 |4 0 |7 0 |8 0 |a SNK |b SNK |d 2014-10-16 |i snk2014/22093 |l 0 |o snkČSB 5918/1/2011 D1 |p 17A0870312 |r 2026-02-21 19:44:38 |t č. 1-4 |w 2026-02-21 |y PREZ | ||
| 952 | |0 0 |1 0 |4 0 |7 0 |8 0 |a SNK |b SNK |d 2014-10-16 |f 1 |i snk2014/22099 |l 0 |o snkČSB 5918/2/2012 |p 17A0870313 |r 2026-02-21 19:44:38 |t č. 1-4 |w 2026-02-21 |y PREZ | ||
| 952 | |0 0 |1 0 |4 0 |7 0 |8 0 |a SNK |b SNK |d 2014-10-16 |i snk2014/22106 |l 0 |o snkČSB 5918/2/2012 D1 |p 17A0870314 |r 2026-02-21 19:44:38 |t č. 1-4 |w 2026-02-21 |y PREZ | ||
| 952 | |0 0 |1 0 |4 0 |7 0 |8 0 |a SNK |b SNK |d 2014-10-16 |f 1 |i snk2014/22115 |l 0 |o snkČSB 5918/3/2013 |p 17A0870315 |r 2026-02-21 19:44:38 |t č. 1-4 |w 2026-02-21 |y PREZ | ||
| 952 | |0 0 |1 0 |4 0 |7 0 |8 0 |a SNK |b SNK |d 2022-09-07 |i snk2022/13483 |l 0 |o snkČSB 5918/10/2020 |p 17A1463699 |r 2026-02-21 20:01:15 |t č. 1-4 |w 2026-02-21 |y PREZ | ||
| 952 | |0 0 |1 0 |4 0 |7 0 |8 0 |a SNK |b SNK |d 2022-09-07 |i snk2022/13484 |l 0 |o snkČSB 5918/11/2021 |p 17A1463700 |r 2026-02-21 20:01:15 |t č. 1-4 |w 2026-02-21 |y PREZ | ||
| 952 | |0 0 |1 0 |4 0 |7 0 |8 0 |a SNK |b SNK |d 2022-09-08 |i snk2022/13627 |l 0 |o snkČSB 5918/9/2019 D1 |p 17A1463835 |r 2026-02-21 20:02:20 |t č. 1-4 |w 2026-02-21 |y PREZ |z č. 1-4 | ||
| 952 | |0 0 |1 0 |4 0 |7 0 |8 0 |a SNK |b SNK |d 2014-12-17 |i snk2014/28170 |l 0 |o snkČSB 5918/3/2013 D1 |p 17A0870835 |r 2026-02-21 20:42:46 |t č. 1-4 |w 2026-02-21 |y PREZ | ||
| 952 | |0 0 |1 0 |4 0 |7 0 |8 0 |a SNK |b SNK |d 2019-04-15 |i snk2019/10912 |l 0 |o snkČSB 5918/7/2017 D1 |p 17A1344328 |r 2026-02-21 21:59:05 |t č. 1-4 |w 2026-02-21 |y PREZ | ||
| 952 | |0 0 |1 0 |4 0 |7 0 |8 0 |a SNK |b SNK |d 2019-04-15 |f 1 |i snk2019/10914 |l 0 |o snkČSB 5918/8/2018 |p 17A1344329 |r 2026-02-21 21:59:05 |t č. 1-4 |w 2026-02-21 |y PREZ | ||
| 952 | |0 0 |1 0 |4 0 |7 0 |8 0 |a SNK |b SNK |d 2019-04-15 |i snk2019/10917 |l 0 |o snkČSB 5918/8/2018 D1 |p 17A1344330 |r 2026-02-21 21:59:05 |t č. 1-4 |w 2026-02-21 |y PREZ | ||
| 952 | |0 0 |1 0 |4 0 |7 0 |8 0 |a SNK |b SNK |d 2016-10-06 |f 1 |i snk2016/23291 |l 0 |o snkČSB 5918/4/2014 |p 17A1046226 |r 2026-02-21 22:10:03 |t č. 1-4 |w 2026-02-21 |y PREZ | ||
| 952 | |0 0 |1 0 |4 0 |7 0 |8 0 |a SNK |b SNK |d 2016-10-06 |i snk2016/23293 |l 0 |o snkČSB 5918/4/2014 D1 |p 17A1046227 |r 2026-02-21 22:10:03 |t č. 1-4 |w 2026-02-21 |y PREZ | ||
| 952 | |0 0 |1 0 |4 0 |7 0 |8 0 |a SNK |b SNK |d 2016-10-06 |f 1 |i snk2016/23294 |l 0 |o snkČSB 5918/5/2015 |p 17A1046228 |r 2026-02-21 22:10:03 |t č. 1-4 |w 2026-02-21 |y PREZ | ||
| 952 | |0 0 |1 0 |4 0 |7 0 |8 0 |a SNK |b SNK |d 2017-11-09 |i snk2017/24749 |l 0 |o snkČSB 5918/5/2015 D1 |p 17A1265817 |r 2026-02-21 22:12:04 |t č. 1-4 |w 2026-02-21 |y PREZ | ||
| 952 | |0 0 |1 0 |4 0 |7 0 |8 0 |a SNK |b SNK |d 2017-11-09 |f 1 |i snk2017/24751 |l 0 |o snkČSB 5918/6/2016 |p 17A1265816 |r 2026-02-21 22:12:04 |t č. 1-4 |w 2026-02-21 |y PREZ | ||
| 952 | |0 0 |1 0 |4 0 |7 0 |8 0 |a SNK |b SNK |d 2020-10-19 |f 1 |i snk2020/19022 |l 0 |o snkČSB 5918/9/2019 |p 17A1432465 |r 2026-02-21 22:23:01 |t č. 1-4 |w 2026-02-21 |y PREZ | ||
| 952 | |0 0 |1 0 |4 0 |7 0 |8 0 |a SNK |b SNK |d 2019-02-12 |i snk2019/3911 |l 0 |o snkČSB 5918/6/2016 D1 |p 17A1343525 |r 2026-02-21 22:28:10 |t č. 1-4 |w 2026-02-21 |y PREZ | ||
| 952 | |0 0 |1 0 |4 0 |7 0 |8 0 |a SNK |b SNK |d 2019-02-12 |i snk2019/3914 |l 0 |o snkČSB 5918/7/2017 |p 17A1343526 |r 2026-02-21 22:28:10 |t č. 1-4 |w 2026-02-21 |y PREZ | ||


